[Event "Fremont Weibel Quads 2"]
[Site "Fremont"]
[Date "2001.12.08"]
[Round "3"]
[White "Evans, Bela"]
[Black "Moghadam, Mahnoosh"]
[Result "0-1"]
[WhiteElo "993"]
[BlackElo "997"]
[PlyCount "42"]
[EventDate "2001.12.08"]
[EventType "swiss"]
[EventRounds "3"]
[EventCountry "USA"]
[SourceTitle "EXT 2009"]
[Source "ChessBase"]
[SourceDate "2008.11.26"]
[SourceVersion "1"]
[SourceVersionDate "2008.11.26"]
[SourceQuality "1"]

1. d4 d5 2. c4 c6 3. Nc3 Nf6 4. Nf3 Bg4 5. Bf4 Bxf3 6. exf3 e6 7. c5 b6 8. b4 a5 9. Bd3 axb4 10. Na4 b5 11. Nb6 Ra3 12. 0-0 Be7 13. Qc1 Nh5 14. Be5 Rxd3 15. Qb1 Ra3 16. Qxb4 Ra7 17. a4 Nd7 18. axb5 Rxa1 19. Rxa1 Nxb6 20. cxb6 Bxb4 21. Bd6 Bxd6 0-1